| 000 | 01289nam0a22002891 4500 | ||
|---|---|---|---|
| 001 | RU\INFOCOMM_322\NLR\5000092526 | ||
| 005 | 20250613103059.0 | ||
| 035 | _a(NLR Aleph) 009458342 | ||
| 090 |
_a8450485 _c8450485 |
||
| 100 | _a20121206d1990 |||y0rusy50 ca | ||
| 101 | 0 | _aeng | |
| 102 | _aRU | ||
| 105 | _ay z ||||| | ||
| 200 | 1 |
_aOut-of-plane squeeze-out effect in high-energy heavy-ion collisions in molecular-dynamical model _fS. M. Kiselev |
|
| 210 |
_aМосква _cИн-т теорет. и эксперим. физики _d1990 |
||
| 215 |
_a9 стб. _cграф. _d29 см |
||
| 225 | 1 |
_aInstitute of theoretical and experimental physics _v134-90 |
|
| 300 | _aВ вып. дан.: Эффект выдавливания из плоскости в высокоэнергетических столкновениях тяжелых ионов в молекулярно-динамической модели / С. М. Киселев | ||
| 320 | _aБиблиогр.: стб. 9 | ||
| 606 | 0 |
_aИоны тяжелые _xСтолкновения _91050139 _3RU\NLR\AUTH\6687712 |
|
| 686 |
_aВ383.51 _2rubbk |
||
| 700 | 1 |
_aKiselev _bS. M. _gSergej Michajlovič |
|
| 801 | 1 |
_aRU _bNLR _c20121206 |
|
| 801 | 0 |
_aRU _bINFOCOMM _gPSBO |
|
| 852 |
_aNLR _jФз01 Д-8/607 |
||
| 942 | _cBOOK | ||
| 980 | _aNB | ||